Voice recognition with software applications / (Record no. 678)

MARC details
000 -LEADER
fixed length control field 01001nac a22002171u 4500
008 - FIXED-LENGTH DATA ELEMENTS--GENERAL INFORMATION
fixed length control field 100906t xxu||||| |||| 00| 0 eng d
010 ## - LIBRARY OF CONGRESS CONTROL NUMBER
LC control number 2002281046
020 ## - INTERNATIONAL STANDARD BOOK NUMBER
International Standard Book Number 0078226414 (student text)
082 00 - DEWEY DECIMAL CLASSIFICATION NUMBER
Classification number 006.454
Item number C5921
100 ## - MAIN ENTRY--PERSONAL NAME
Personal name Clark, Lyn.
9 (RLIN) 18321
245 10 - TITLE STATEMENT
Title Voice recognition with software applications /
Statement of responsibility, etc Lyn R. Clark.
260 ## - PUBLICATION, DISTRIBUTION, ETC. (IMPRINT)
Place of publication, distribution, etc New York :
Name of publisher, distributor, etc McGraw-Hill,
Date of publication, distribution, etc c2002.
300 ## - PHYSICAL DESCRIPTION
Extent xix, 508 p. :
Other physical details col. ill. ;
Dimensions 28 cm. +
Accompanying material 1 CD-ROM (4 3/4 in.)
500 ## - GENERAL NOTE
General note Includes index.
650 #0 - SUBJECT ADDED ENTRY--TOPICAL TERM
Topical term or geographic name as entry element Automatic speech recognition.
9 (RLIN) 18322
650 #0 - SUBJECT ADDED ENTRY--TOPICAL TERM
Topical term or geographic name as entry element Dictation (Office practice)
9 (RLIN) 18323
856 42 - ELECTRONIC LOCATION AND ACCESS
Materials specified Publisher description
Uniform Resource Identifier <a href="http://www.loc.gov/catdir/description/mh031/2002281046.html">http://www.loc.gov/catdir/description/mh031/2002281046.html</a>
856 42 - ELECTRONIC LOCATION AND ACCESS
Materials specified Table of contents
Uniform Resource Identifier <a href="http://www.loc.gov/catdir/toc/mh031/2002281046.html">http://www.loc.gov/catdir/toc/mh031/2002281046.html</a>
942 ## - ADDED ENTRY ELEMENTS (KOHA)
Item type Book - Borrowing
Call number prefix 006.454C5921
Source of classification or shelving scheme Dewey Decimal Classification
Holdings
Withdrawn status Item status Source of classification or shelving scheme Damaged status Not for loan Vendor Home library Current library Shelving location Date acquired Source of acquisition Cost, normal purchase price Total Checkouts Full call number Barcode Date last seen Date last borrowed Cost, replacement price Koha item type
    Dewey Decimal Classification       Central Library Central Library Lower Floor 24/07/2006   280.00 1 006.454 CLA 000003927 15/07/2025 06/06/2011 350.00 Book - Borrowing